Szczegóły MARC21

Webster's collegiate thesaurus.

003 -Nazwa inst., której nr kontr. jest w polu 001 [,]
    • @
    • Nazwa instytucji, której n kontrolny jest w polu 001
    • NUKAT
005 -DATA I CZAS OSTATNIEJ MODYFIKACJI [,]
    • @
    • pole kontrolne
    • 20241231092840.0
020 -Międzynarod. znormalizowany nr książki - ISBN [ , ]
    • a
    • Numer ISBN
    • 0877790698 Find
    • q
    • Dopowiedzenie
    • indexed
020 -Międzynarod. znormalizowany nr książki - ISBN [ , ]
    • a
    • Numer ISBN
    • 0877790701 Find
    • q
    • Dopowiedzenie
    • deluxe
040 -Instytucja sporządzająca opis [ , ]
    • a
    • Instytucja, która sporządziła opis (NP)
    • GD U/AJ
    • c
    • Instytucja, która sporządziła rekord (NP)
    • GD U/AJ
    • d
    • Instytucja, która zmodyfikowała rekord (P)
    • GD U/AJ
    • d
    • Instytucja, która zmodyfikowała rekord (P)
    • GD U/ISSs
    • d
    • Instytucja, która zmodyfikowała rekord (P)
    • KR U/GM
    • d
    • Instytucja, która zmodyfikowała rekord (P)
    • SZCZ U/JS
942 -Rodzaj dokumentu [ , ]
    • c
    • Rodzaj dokumentu
    • Książka
245 -Strefa tytułu i oznaczenia odpowiedzialności [0,0]
    • a
    • Tytuł
    • Webster's collegiate thesaurus. Find
246 -Wariant tytułu [1,8]
    • a
    • Tytuł (NP)
    • Webster's thesaurus
246 -Wariant tytułu [3,0]
    • a
    • Tytuł (NP)
    • Collegiate thesaurus
260 -Strefa adresu wydawniczego [ , ]
    • a
    • Miejsce wydania (P)
    • Springfield :
    • b
    • Nazwa wydawcy (P)
    • Merriam-Webster,
    • c
    • Data wydania (P)
    • cop. 1988.
300 -Strefa opisu fizycznego [ , ]
    • a
    • Określenie formy książki i/lub objętość (NP)
    • 26a, 868 s. ;
    • c
    • Format (NP)
    • 26 cm.
336 -Typ zawartości [ , ]
    • a
    • Termin opisujący typ zawartości
    • Tekst
    • b
    • Kod określający zawartość
    • txt
    • 2
    • Źródło (terminu i kodu)
    • rdacontent
337 -Typ mediów [ , ]
    • a
    • Tryb odtwarzania
    • Bez urządzenia pośredniczącego
    • b
    • Kod typu mediów
    • n
    • 2
    • Źródło (terminu i kodu)
    • rdamedia
338 -Typ/rodzaj nośnika [ , ]
    • a
    • Hasło opisujące typ nośnika
    • Wolumin
    • b
    • Kod typu nośnika
    • nc
    • 2
    • Źródło (terminu i kodu)
    • rdacarrier
080 -Uniwersalna Klasyfikacja Dziesiętna [ , ]
    • a
    • Symbol klasyfikacji
    • 811.111'373.421
    • 2
    • Identyfikator wydania tablic
    • UDC-P058
    • 9
    • UKD
    • 80554
    • b
    • Dopowiedzenie
    • Język angielski. - Synonimy.
    • 4
    • UKD2
    • 7663
    • x
    • Poddział wspólny
    • (038)
    • c
    • Dopowiedzenie poddz. wspólnego
    • (Słowniki).
    • 4
    • UKD2
    • 7644
    • x
    • Poddział wspólny
    • =111
    • c
    • Dopowiedzenie poddz. wspólnego
    • =Język angielski.
080 -Uniwersalna Klasyfikacja Dziesiętna [ , ]
    • a
    • Symbol klasyfikacji
    • 811.111'373.422
    • 2
    • Identyfikator wydania tablic
    • UDC-P058
    • 9
    • UKD
    • 80555
    • b
    • Dopowiedzenie
    • Język angielski. - Antonimy.
    • 4
    • UKD2
    • 7663
    • x
    • Poddział wspólny
    • (038)
    • c
    • Dopowiedzenie poddz. wspólnego
    • (Słowniki).
    • 4
    • UKD2
    • 7644
    • x
    • Poddział wspólny
    • =111
    • c
    • Dopowiedzenie poddz. wspólnego
    • =Język angielski.
650 -Hasło przedmiotowe [ ,7]
    • a
    • Hasło przedmiotowe
    • Język angielski
    • x
    • Określnik rzeczowy
    • synonimy i antonimy
    • v
    • Określnik formalny
    • słowniki.
    • 2
    • Źródło terminu
    • kaba
    • 9
    • KHW
    • 388564
980 -Symbol UKD [ , ]
    • a
    • UKD
    • 811.111'373.421/.422(038)=111
710 -Hasło dodatkowe - nazwa ciała zbiorowego [2, ]
    • a
    • Nazwa ciała zbiorowego lub nazwa geograficzna jako pierwszy element (NP)
    • Merriam-Webster Inc.
    • 4
    • Kod relacji
    • pbl
    • 9
    • KHW
    • 80687
920 -ISBN [ , ]
    • a
    • ISBN
    • 0-87779-069-8 Find
    • q
    • Dopowiedzenie
    • indexed
920 -ISBN [ , ]
    • a
    • ISBN
    • 0-87779-070-1 Find
    • q
    • Dopowiedzenie
    • deluxe
Sygnatura Numer inwentarzowy Status udost. Data inwentaryzacji Lokalizacja
ANG. Słowniki jęz. ang. 27A.423411996-07-16BM